LEADER 04196nam 22007455 450 001 9910144175903321 005 20251116234546.0 010 $a1-280-30790-0 010 $a9786610307906 010 $a3-540-25947-3 024 7 $a10.1007/b99040 035 $a(CKB)1000000000212476 035 $a(SSID)ssj0000100310 035 $a(PQKBManifestationID)11131567 035 $a(PQKBTitleCode)TC0000100310 035 $a(PQKBWorkID)10020233 035 $a(PQKB)10111820 035 $a(DE-He213)978-3-540-25947-3 035 $a(MiAaPQ)EBC3088317 035 $a(PPN)155177362 035 $a(BIP)46177017 035 $a(BIP)11089053 035 $a(EXLCZ)991000000000212476 100 $a20121227d2004 u| 0 101 0 $aeng 135 $aurnn|008mamaa 181 $ctxt 182 $cc 183 $acr 200 10$aAgent-Mediated Electronic Commerce V $eDesigning Mechanisms and Systems, AAMAS 2003 Workshop, AMEC 2003, Melbourne, Australia, July 15. 2003, Revised Selected Papers /$fedited by Peyman Faratin, David C. Parkes, Juan A. Rodríguez-Aguilar, William E. Walsh 205 $a1st ed. 2004. 210 1$aBerlin, Heidelberg :$cSpringer Berlin Heidelberg :$cImprint: Springer,$d2004. 215 $a1 online resource (VII, 153 p.) 225 1 $aLecture Notes in Artificial Intelligence ;$v3048 300 $aBibliographic Level Mode of Issuance: Monograph 311 08$a3-540-22674-5 320 $aIncludes bibliographical references at the end of each chapters and index. 327 $aSection I: Automated Negotiation -- Automated Negotiation and Bundling of Information Goods -- Two Stock-Trading Agents: Market Making and Technical Analysis -- Acquiring Tradeoff Preferences for Automated Negotiations: A Case Study -- A Decommitment Strategy in a Competitive Multi-agent Transportation Setting -- Section II: Mechanism Design -- Sequences of Take-It-or-Leave-It Offers: Near-Optimal Auctions Without Full Valuation Revelation -- Mechanism for Optimally Trading Off Revenue and Efficiency in Multi-unit Auctions -- Choosing Samples to Compute Heuristic-Strategy Nash Equilibrium -- Section III: Multi-agent Markets -- Improving Learning Performance by Applying Economic Knowledge -- Handling Resource Use Oscillation in Multi-agent Markets. 330 $aThis book constitutes the thoroughly refereed post-proceedings of the 5th International Workshop on Agent-Mediated Electronic Commerce, AMEC 2003, held in Melbourne, Australia in July 2003 as part of AAMAS 2003.The 9 revised full papers presented were carefully selected from 22 submissions during two rounds of reviewing and revision. The papers are organized in topical sections on automated negotiation, systems and mechanism design, and multi-agent markets. 410 0$aLecture Notes in Artificial Intelligence ;$v3048 606 $aArtificial intelligence 606 $aEconomics 606 $aElectronic commerce 606 $aArtificial Intelligence$3https://scigraph.springernature.com/ontologies/product-market-codes/I21000 606 $aEconomic Theory/Quantitative Economics/Mathematical Methods$3https://scigraph.springernature.com/ontologies/product-market-codes/W29000 606 $ae-Commerce/e-business$3https://scigraph.springernature.com/ontologies/product-market-codes/I26000 615 0$aArtificial intelligence. 615 0$aEconomics. 615 0$aElectronic commerce. 615 14$aArtificial Intelligence. 615 24$aEconomic Theory/Quantitative Economics/Mathematical Methods. 615 24$ae-Commerce/e-business. 676 $a658.872 702 $aFaratin$b Peyman$4edt$4http://id.loc.gov/vocabulary/relators/edt 702 $aParkes$b David C$4edt$4http://id.loc.gov/vocabulary/relators/edt 702 $aRodri?guez-Aguilar$b Juan A.$4edt$4http://id.loc.gov/vocabulary/relators/edt 702 $aWalsh$b William E$4edt$4http://id.loc.gov/vocabulary/relators/edt 712 12$aWorkshop on Agent-Mediated Electronic Commerce 801 0$bMiAaPQ 801 1$bMiAaPQ 801 2$bMiAaPQ 906 $aBOOK 912 $a9910144175903321 996 $aAgent-Mediated Electronic Commerce V$92257129 997 $aUNINA